000 00781nam a22002055i 4500
001 153079
003 ES-MaACL
005 20230906205020.0
008 940301s1872 po |||| | por d
040 _aCAM
_bspa
100 1 _aChagas, Manuel Pinheiro (
_d1842-1895)
_9154668
245 1 0 _aMadrid
_b: [Escenas de viagem] /
_cM. Pinheiro Chagas.
260 _aLisboa :
_bC.S. Afra y Cia,
_c[1872]
300 _a225 p. ;
_c19 cm.
500 _aFecha tomada de Silva, Dic. bibl. portug.
650 0 4 _aMadrid-
_xDescripción-
_yS.XIX.
_9221986
852 _aES-MaACL
_jC-3028
_z-- Rust.
_z-- Legado M. de La Fuente
_x-- Edic.: Corregir t300: 226 p.
852 _aES-MaACL
_jT-710-F-3
_z-- Enc. hol. conservando la cub. original
_z-- Enc. en un vol. facticio
999 _c153079
_d153079